|
|
|
|
| LEADER |
00000cam a2200000 7i4500 |
| 001 |
0000004658 |
| 002 |
000005023 |
| 005 |
20000330.0 |
| 020 |
|
|
|a 040999605X
|
| 090 |
0 |
0 |
|a 347.05
|b CHA
|
| 100 |
1 |
|
|a Chany, Grace
|
| 245 |
0 |
0 |
|a Pengenalan kepada acara sivil di Malaysia dan Singapura
|c Grace Chany
|
| 255 |
|
|
|a Edisi kedua
|
| 260 |
|
|
|a Kuala Lumpur :
|b Malayan Law Journal Pte.Ltd. ,
|c 1991
|
| 300 |
|
|
|a 165p. ;
|c 22cm.
|
| 650 |
0 |
0 |
|a Civil law
|z Malaysia
|
| 650 |
0 |
0 |
|a Civil law
|z Singapore
|
| 999 |
|
|
|a 032682
|b BUKU
|c PINJAMAN
|e PERPUSTAKAAN KOMUNITI PETALING JAYA
|
| 999 |
|
|
|a 032683
|b BUKU
|c PINJAMAN
|e PERPUSTAKAAN KOMUNITI PETALING JAYA
|